00234nam a2200085Ia 4500001000800000005001700008008004100025245005000066260003200116120517620250827022742.0250824s9999 xx 000 0 und d 0aTÜRKÜLERİMİZcİBRAHİM DEMİRCİ bK.B.B. KÜLTÜR YAYINLARI